000 00353nam a2200133Ia 4500
008 240624s9999 xx 000 0 und d
041 _aeng
082 _a023.4 BEC
100 _aBECK SARA RAMSER
245 _aLIBRARY TRAINING FOR STAFF AND CUSTOMERS
260 _c2005
_aMumbai
_bJaico Publishing House
300 _a99 : p. : cm. ; 24
365 _cRS
_b30
999 _c5490
_d5490